[Event "WTCC-65 2018"]
[Site "Radebeul"]
[Date "2018.07.14"]
[Round "8"]
[White "Bosbach, Gerhard"]
[Black "Van Herck, Marcel"]
[Result "1-0"]
[WhiteElo "2161"]
[BlackElo "2008"]
[Annotator "NA"]
[PlyCount "53"]
[EventDate "2018.07.07"]
[EventType "team-tourn"]
[EventCountry "GER"]
[SourceTitle "playchess.com"]
[Source "ChessBase"]
[SourceQuality "1"]
[TimeControl "40/5400+30:1800+30"]

1. d4 {[%emt 0:00:00]} Nf6 {[%emt 0:02:36]} 2. Nf3 {[%emt 0:00:20]} e6 {[%emt 0:01:54]} 3. c4 {[%emt 0:03:43]} d5 {[%emt 0:02:35]} 4. Nc3 {[%emt 0:03:51]} c5 {[%emt 0:01:36]} 5. Bg5 {[%emt 0:03:55]} cxd4 {[%emt 0:00:36]} 6. Nxd4 {[%emt 0:05:10]} e5 {[%emt 0:02:52]} 7. Ndb5 {[%emt 0:04:31]} a6 {[%emt 0:27:16]} 8. Qa4 {[%emt 0:19:19]} Bd7 {[%emt 0:00:41]} 9. Bxf6 {[%emt 0:07:31]} gxf6 {[%emt 0:01:02]} 10. cxd5 {[%emt 0:03:42]} Nc6 {[%emt 0:00:35]} 11. dxc6 {[%emt 0:02:15]} Bxc6 {[%emt 0:00:05]} 12. Rd1 {[%emt 0:02:59]} Qb8 {[%emt 0:07:59]} 13. Qb3 {[%emt 0:14:16]} axb5 {[%emt 0:00:26]} 14. Nxb5 {[%emt 0:01:23]} Bc5 {[%emt 0:07:46]} 15. e3 {[%emt 0:01:12]} O-O {[%emt 0:01:52]} 16. Bc4 {[%emt 0:01:47]} b6 {[%emt 0:01:43]} 17. O-O {[%emt 0:02:07]} Bxb5 {[%emt 0:02:54]} 18. Bxb5 {[%emt 0:00:20]} Rd8 {[%emt 0:01:42]} 19. Rxd8+ {[%emt 0:00:52]} Qxd8 {[%emt 0:00:05]} 20. Rd1 {[%emt 0:00:06]} Qf8 {[%emt 0:00:12]} 21. Bc4 {[%emt 0:04:50]} Ra7 {[%emt 0:01:29]} 22. Qd3 {[%emt 0:00:49]} Qe7 {[%emt 0:02:53]} 23. Qf5 {[%emt 0:01:28]} e4 {[%emt 0:01:10]} 24. Qc8+ {[%emt 0:00:46]} Kg7 {[%emt 0:00:14]} 25. Rd8 {[%emt 0:00:23]} Qe5 {[%emt 0:03:23]} 26. Rg8+ {[%emt 0:01:32]} Kh6 {[%emt 0:00:06]} 27. Qg4 {[%emt 0:00:12]} 1-0

[Event "WTCC-65 2018"]
[Site "Radebeul"]
[Date "2018.07.14"]
[Round "8"]
[White "Hammar, Bengt"]
[Black "Seret, Jean-Luc"]
[Result "0-1"]
[WhiteElo "2159"]
[BlackElo "2353"]
[Annotator "NA"]
[PlyCount "26"]
[EventDate "2018.07.07"]
[EventType "team-tourn"]
[EventCountry "GER"]
[SourceTitle "playchess.com"]
[Source "ChessBase"]
[SourceQuality "1"]
[TimeControl "40/5400+30:1800+30"]

1. e4 {[%emt 0:00:00]} b6 {[%emt 0:00:00]} 2. d4 {[%emt 0:05:28]} Bb7 {[%emt 0:00:00]} 3. Nc3 {[%emt 0:00:55]} e6 {[%emt 0:00:18]} 4. Nf3 {[%emt 0:01:03]} Bb4 {[%emt 0:00:38]} 5. Bd3 {[%emt 0:01:36]} Nf6 {[%emt 0:00:47]} 6. Qe2 {[%emt 0:02:01]} d5 {[%emt 0:02:48]} 7. exd5 {[%emt 0:00:21]} Qxd5 {[%emt 0:00:41]} 8. O-O {[%emt 0:00:52]} Bxc3 {[%emt 0:00:51]} 9. bxc3 {[%emt 0:00:07]} O-O {[%emt 0:00:07]} 10. Bg5 {[%emt 0:02:06]} Nbd7 {[%emt 0:13:09]} 11. c4 {[%emt 0:00:55]} Qd6 {[%emt 0:06:32]} 12. c3 {[%emt 0:10:06]} Ng4 {[%emt 0:05:44]} 13. d5 {[%emt 0:14:15]} Rae8 {[%emt 0:06:08]} 0-1

[Event "WTCC-65 2018"]
[Site "Radebeul"]
[Date "2018.07.14"]
[Round "8"]
[White "Krauseneck, Peter"]
[Black "Baumbach, Friedrich"]
[Result "1-0"]
[WhiteElo "2147"]
[BlackElo "2147"]
[Annotator "NA"]
[PlyCount "73"]
[EventDate "2018.07.07"]
[EventType "team-tourn"]
[EventCountry "GER"]
[SourceTitle "playchess.com"]
[Source "ChessBase"]
[SourceQuality "1"]
[TimeControl "40/5400+30:1800+30"]

1. d4 {[%emt 0:00:03]} d5 {[%emt 0:00:00]} 2. Nc3 {[%emt 0:00:12]} Bf5 {[%emt 0:00:05]} 3. Bf4 {[%emt 0:00:17]} e6 {[%emt 0:00:55]} 4. e3 {[%emt 0:00:51]} Nf6 {[%emt 0:00:21]} 5. f3 {[%emt 0:00:22]} Bd6 {[%emt 0:01:30]} 6. g4 {[%emt 0:03:39]} Bxf4 {[%emt 0:12:31]} 7. exf4 {[%emt 0:00:54]} Bg6 {[%emt 0:00:12]} 8. h4 {[%emt 0:00:12]} h5 {[%emt 0:00:44]} 9. f5 {[%emt 0:08:38]} Bh7 {[%emt 0:09:07]} 10. g5 {[%emt 0:01:23]} Ng8 {[%emt 0:14:58]} 11. fxe6 {[%emt 0:09:22]} fxe6 {[%emt 0:00:14]} 12. Qe2 {[%emt 0:00:16]} Bf5 {[%emt 0:07:38]} 13. Bh3 {[%emt 0:10:08]} Ne7 {[%emt 0:08:52]} 14. Bxf5 {[%emt 0:01:26]} exf5 {[%emt 0:00:03]} 15. Nh3 {[%emt 0:00:35]} Nbc6 {[%emt 0:05:49]} 16. O-O-O {[%emt 0:01:46]} Qd6 {[%emt 0:01:51]} 17. Nb5 {[%emt 0:06:55]} Qd7 {[%emt 0:01:05]} 18. Nf4 {[%emt 0:02:36]} a6 {[%emt 0:03:26]} 19. Nc3 {[%emt 0:01:44]} Qd6 {[%emt 0:06:52]} 20. Qe3 {[%emt 0:15:51]} O-O-O {[%emt 0:06:50]} 21. Qe6+ {[%emt 0:10:20]} Qxe6 {[%emt 0:06:07]} 22. Nxe6 {[%emt 0:00:02]} Rdg8 {[%emt 0:00:01]} 23. Nf4 {[%emt 0:00:36]} Rd8 {[%emt 0:00:43]} 24. Rhe1 {[%emt 0:00:15]} Rd6 {[%emt 0:01:12]} 25. Rd3 {[%emt 0:02:48]} Ng6 {[%emt 0:01:46]} 26. Nxg6 {[%emt 0:02:26]} Rxg6 {[%emt 0:00:02]} 27. Nxd5 {[%emt 0:01:22]} Rd8 {[%emt 0:01:01]} 28. Nf4 {[%emt 0:01:32]} Rgd6 {[%emt 0:00:11]} 29. c3 {[%emt 0:00:26]} g6 {[%emt 0:00:47]} 30. Rde3 {[%emt 0:00:18]} Kd7 {[%emt 0:01:23]} 31. Kc2 {[%emt 0:02:56]} b5 {[%emt 0:00:25]} 32. Ne6 {[%emt 0:04:56]} Ra8 {[%emt 0:00:55]} 33. Nc5+ {[%emt 0:00:19]} Kc8 {[%emt 0:00:31]} 34. Re8+ {[%emt 0:00:30]} Rd8 {[%emt 0:00:35]} 35. R1e6 {[%emt 0:01:17]} Na5 {[%emt 0:01:40]} 36. Rxd8+ {[%emt 0:02:20]} Kxd8 {[%emt 0:00:03]} 37. Rxg6 {[%emt 0:00:14]} 1-0

[Event "WTCC-65 2018"]
[Site "Radebeul"]
[Date "2018.07.14"]
[Round "8"]
[White "Woeber, Friedrich"]
[Black "Hohler, Peter"]
[Result "1/2-1/2"]
[WhiteElo "2114"]
[BlackElo "2073"]
[Annotator "NA"]
[PlyCount "41"]
[EventDate "2018.07.07"]
[EventType "team-tourn"]
[EventCountry "GER"]
[SourceTitle "playchess.com"]
[Source "ChessBase"]
[SourceQuality "1"]
[TimeControl "40/5400+30:1800+30"]

1. e4 {[%emt 0:00:00]} e5 {[%emt 0:00:00]} 2. Nf3 {[%emt 0:00:01]} Nc6 {[%emt 0:00:10]} 3. Bc4 {[%emt 0:00:53]} Nf6 {[%emt 0:00:24]} 4. d3 {[%emt 0:00:27]} Be7 {[%emt 0:01:09]} 5. O-O {[%emt 0:01:02]} O-O {[%emt 0:02:46]} 6. Re1 {[%emt 0:00:44]} d6 {[%emt 0:00:29]} 7. a4 {[%emt 0:00:54]} Be6 {[%emt 0:05:59]} 8. Nbd2 {[%emt 0:04:35]} Nd7 {[%emt 0:02:57]} 9. a5 {[%emt 0:01:56]} a6 {[%emt 0:01:54]} 10. Nf1 {[%emt 0:02:44]} Nc5 {[%emt 0:03:41]} 11. Ng3 {[%emt 0:08:12]} Bxc4 {[%emt 0:08:07]} 12. dxc4 {[%emt 0:00:08]} Ne6 {[%emt 0:00:12]} 13. Nf5 {[%emt 0:03:21]} Bf6 {[%emt 0:00:07]} 14. c3 {[%emt 0:05:43]} Ne7 {[%emt 0:07:38]} 15. Ne3 {[%emt 0:04:23]} g6 {[%emt 0:01:01]} 16. Nd5 {[%emt 0:13:36]} Bg7 {[%emt 0:00:27]} 17. Qb3 {[%emt 0:11:24]} Nc5 {[%emt 0:10:44]} 18. Qc2 {[%emt 0:00:22]} Ne6 {[%emt 0:00:42]} 19. Qb3 {[%emt 0:03:39]} Nc5 {[%emt 0:00:12]} 20. Qc2 {[%emt 0:00:18]} Ne6 {[%emt 0:00:08]} 21. Qb3 {[%emt 0:03:24]} 1/2-1/2

[Event "WTCC-65 2018"]
[Site "Radebeul"]
[Date "2018.07.14"]
[Round "8"]
[White "Maes, Valeer"]
[Black "Nehmert, Ulrich"]
[Result "1/2-1/2"]
[WhiteElo "2088"]
[BlackElo "2220"]
[Annotator "NA"]
[PlyCount "24"]
[EventDate "2018.07.07"]
[EventType "team-tourn"]
[EventCountry "GER"]
[SourceTitle "playchess.com"]
[Source "ChessBase"]
[SourceQuality "1"]
[TimeControl "40/5400+30:1800+30"]

1. d4 {[%emt 0:00:00]} f5 {[%emt 0:00:00]} 2. c4 {[%emt 0:00:07]} Nf6 {[%emt 0:00:11]} 3. Nc3 {[%emt 0:01:12]} g6 {[%emt 0:00:37]} 4. h4 {[%emt 0:00:29]} d6 {[%emt 0:04:44]} 5. Bg5 {[%emt 0:02:47]} Bg7 {[%emt 0:01:34]} 6. Nf3 {[%emt 0:05:18]} c6 {[%emt 0:02:17]} 7. Bxf6 {[%emt 0:07:09]} Bxf6 {[%emt 0:02:28]} 8. e4 {[%emt 0:00:31]} Qa5 {[%emt 0:23:05]} 9. exf5 $11 {[%emt 0:08:25]} Bxf5 {[%emt 0:01:54]} 10. Qd2 {[%emt 0:01:13]} e5 {[%emt 0:08:26]} 11. Be2 {[%emt 0:10:15]} Nd7 {[%emt 0:02:58]} 12. d5 {[%emt 0:15:49]} cxd5 {[%emt 0:14:09]} 1/2-1/2

[Event "WTCC-65 2018"]
[Site "Radebeul"]
[Date "2018.07.14"]
[Round "8"]
[White "Van de Wynkele, Herman"]
[Black "Kargoll, Herbert"]
[Result "1/2-1/2"]
[WhiteElo "2084"]
[BlackElo "2230"]
[Annotator "NA"]
[PlyCount "105"]
[EventDate "2018.07.07"]
[EventType "team-tourn"]
[EventCountry "GER"]
[SourceTitle "playchess.com"]
[Source "ChessBase"]
[SourceQuality "1"]
[TimeControl "40/5400+30:1800+30"]

1. e4 {[%emt 0:00:00]} e5 {[%emt 0:00:00]} 2. Bc4 {[%emt 0:00:00]} Nf6 {[%emt 0:00:00]} 3. d3 {[%emt 0:00:22]} Bc5 {[%emt 0:00:00]} 4. Nf3 {[%emt 0:01:43]} d6 {[%emt 0:00:11]} 5. c3 {[%emt 0:01:20]} Nc6 {[%emt 0:05:15]} 6. b4 {[%emt 0:02:05]} Bb6 {[%emt 0:00:04]} 7. a4 {[%emt 0:00:12]} a6 {[%emt 0:00:10]} 8. Qb3 {[%emt 0:12:15]} Qe7 {[%emt 0:02:57] C54: Giuoco Piano: 4 c3 Nf6, main lines with 5 d4 and 5 d3} (8... O-O 9. a5 Ba7 10. O-O Ne7 11. Ng5 Qe8 12. Be3 c6 13. Bxa7 Rxa7 14. d4 exd4 15. cxd4 h6 16. e5 hxg5 17. exf6 gxf6 {0-1 (32) Nevednichy,V (2548)-Gyimesi,Z (2553) Miskolc 2004}) 9. Nbd2 {[%emt 0:02:51]} h6 {[%emt 0:00:34]} 10. h3 {[%emt 0:04:01]} O-O {[%emt 0:21:31]} 11. g4 $146 {[%emt 0:02:44]} ({Predecessor:} 11. Nf1 Be6 12. Be3 Nh5 13. g3 Bxe3 14. Nxe3 Qd7 15. Nh4 Ne7 16. Qd1 {1-0 (48) Lerch Gallemi,J (2188)-Gavilan Diaz,M (2256) Barcelona 2012}) 11... Nh7 {[%emt 0:01:07]} 12. Bb2 {[%emt 0:02:15]} Nd8 {[%emt 0:05:15]} 13. d4 {[%emt 0:02:30]} Ng5 {[%emt 0:02:08]} 14. Nxg5 {[%emt 0:01:29]} Qxg5 15. O-O-O {[%emt 0:00:43]} Ne6 {[%emt 0:02:47]} 16. Kb1 {[%emt 0:01:53]} Qf4 {[%emt 0:01:28]} 17. d5 {[%emt 0:12:04]} Ng5 {[%emt 0:01:25]} 18. Bd3 {[%emt 0:01:53]} Bxf2 {[%emt 0:11:48]} 19. Qc2 Nxh3 {[%emt 0:15:18]} 20. Rxh3 {[%emt 0:02:56]} Bxg4 {[%emt 0:00:05]} 21. Rdh1 {[%emt 0:01:10]} Bxh3 {[%emt 0:00:33]} 22. Rxh3 {[%emt 0:00:09]} Qg4 {[%emt 0:01:22]} 23. Rf3 {[%emt 0:01:27]} Bg3 {[%emt 0:02:06]} 24. Rf1 {[%emt 0:03:19]} Bf4 {[%emt 0:01:58]} 25. Nf3 {[%emt 0:01:21]} g6 {[%emt 0:10:30]} 26. Qe2 {[%emt 0:01:25]} Kg7 {[%emt 0:01:25]} 27. Rg1 {[%emt 0:00:53]} Qh3 {[%emt 0:00:14]} 28. Bc1 {[%emt 0:07:49]} Bxc1 {[%emt 0:00:21]} 29. Kxc1 {[%emt 0:00:11]} Rh8 {[%emt 0:01:52]} 30. Kc2 {[%emt 0:03:45]} Rag8 {[%emt 0:03:33]} 31. Qf2 {[%emt 0:01:00]} Kf8 {[%emt 0:00:59]} 32. Rf1 {[%emt 0:03:43]} Qd7 {[%emt 0:01:26]} 33. Nh4 {[%emt 0:02:38]} Qxa4+ {[%emt 0:00:12]} 34. Kb2 {[%emt 0:00:03]} Qd7 {[%emt 0:00:11]} 35. Qf6 {[%emt 0:01:31]} Ke8 {[%emt 0:00:22]} 36. Be2 {[%emt 0:02:14]} Qe7 {[%emt 0:00:36]} 37. Qf2 {[%emt 0:01:01]} h5 {[%emt 0:00:45]} 38. b5 {[%emt 0:00:42]} a5 {[%emt 0:03:14]} 39. b6 {[%emt 0:01:30]} Rh7 {[%emt 0:01:09]} 40. Bb5+ {[%emt 0:01:13]} Kd8 {[%emt 0:01:11]} 41. bxc7+ {[%emt 0:31:05]} Qxc7 {[%emt 0:33:27]} 42. c4 $19 {[%emt 0:01:23]} (42. Kc2 $17 {might work better.}) 42... f5 {[%emt 0:00:00]} 43. exf5 {[%emt 0:00:00]} g5 {[%emt 0:00:00]} 44. Ng6 {[%emt 0:00:00]} b6 {[%emt 0:00:00]} 45. f6 {[%emt 0:00:00]} Rxg6 {[%emt 0:00:00]} 46. f7 {[%emt 0:00:00]} Rxf7 {[%emt 0:00:00]} 47. Qxf7 {[%emt 0:00:00]} Qxf7 {[%emt 0:00:00]} 48. Rxf7 {[%emt 0:00:00]} g4 {[%emt 0:00:00]} 49. Rd7+ {[%emt 0:00:00]} Kc8 {[%emt 0:00:00]} 50. Rh7 {[%emt 0:00:00]} Rg8 51. Rxh5 g3 52. Rh1 g2 53. Rg1 1/2-1/2

[Event "WTCC-65 2018"]
[Site "Radebeul"]
[Date "2018.07.14"]
[Round "8"]
[White "Illi, Hans-Joerg"]
[Black "Gneiss, Karl"]
[Result "1/2-1/2"]
[WhiteElo "2063"]
[BlackElo "2090"]
[Annotator "NA"]
[PlyCount "88"]
[EventDate "2018.07.07"]
[EventType "team-tourn"]
[EventCountry "GER"]
[SourceTitle "playchess.com"]
[Source "ChessBase"]
[SourceQuality "1"]
[TimeControl "40/5400+30:1800+30"]

1. b3 {[%emt 0:00:00]} e5 {[%emt 0:00:00]} 2. Bb2 {[%emt 0:00:35]} Nc6 {[%emt 0:00:00]} 3. Nf3 {[%emt 0:00:56]} d6 {[%emt 0:02:44]} 4. e3 {[%emt 0:07:43]} Bg4 {[%emt 0:02:00]} 5. Be2 {[%emt 0:00:42]} Nf6 {[%emt 0:03:27]} 6. O-O {[%emt 0:06:06]} Qd7 {[%emt 0:02:07]} 7. Ne1 {[%emt 0:06:58]} h5 {[%emt 0:01:50]} 8. f3 {[%emt 0:02:04]} Be6 {[%emt 0:00:45]} 9. d4 {[%emt 0:00:49]} exd4 {[%emt 0:05:50]} 10. exd4 {[%emt 0:05:40]} d5 {[%emt 0:02:33]} 11. Nd3 {[%emt 0:04:23]} O-O-O {[%emt 0:08:12]} 12. c3 {[%emt 0:13:14]} h4 {[%emt 0:00:59]} 13. Ba3 {[%emt 0:02:28]} Rh6 {[%emt 0:07:24]} 14. Bxf8 {[%emt 0:04:49]} Rxf8 {[%emt 0:00:01]} 15. b4 {[%emt 0:01:21]} Qd6 {[%emt 0:02:44]} 16. b5 {[%emt 0:04:10]} Ne7 {[%emt 0:01:24]} 17. Qa4 {[%emt 0:04:31]} Kb8 {[%emt 0:00:38]} 18. Qb4 {[%emt 0:06:26]} Ne8 {[%emt 0:12:37]} 19. Nd2 {[%emt 0:05:38]} Nf5 {[%emt 0:05:56]} 20. Qxd6 {[%emt 0:03:11]} Nexd6 {[%emt 0:00:36]} 21. Nf4 {[%emt 0:01:00]} Ne3 {[%emt 0:06:07]} 22. Rfc1 {[%emt 0:00:38]} Bd7 {[%emt 0:01:35]} 23. Kf2 {[%emt 0:02:10]} Re8 {[%emt 0:00:55]} 24. Nf1 {[%emt 0:05:09]} Nxf1 {[%emt 0:06:10]} 25. Bxf1 {[%emt 0:00:27]} Bxb5 {[%emt 0:03:08]} 26. Bxb5 {[%emt 0:02:00]} Nxb5 {[%emt 0:00:06]} 27. Nxd5 {[%emt 0:00:55]} Rd6 {[%emt 0:04:04]} 28. Nf4 {[%emt 0:01:28]} c5 {[%emt 0:04:04]} 29. a4 {[%emt 0:03:49]} Nc7 {[%emt 0:01:35]} 30. Rd1 {[%emt 0:00:30]} Red8 {[%emt 0:03:58]} 31. Rd3 {[%emt 0:01:55]} cxd4 {[%emt 0:03:06]} 32. Rad1 {[%emt 0:00:23]} g5 {[%emt 0:03:38]} 33. Ne2 {[%emt 0:00:25]} Ne6 {[%emt 0:00:56]} 34. cxd4 {[%emt 0:00:32]} Rd5 {[%emt 0:01:36]} 35. g3 {[%emt 0:00:56]} hxg3+ {[%emt 0:00:27]} 36. hxg3 {[%emt 0:00:08]} f5 {[%emt 0:01:07]} 37. Ke3 {[%emt 0:00:33]} Ra5 {[%emt 0:01:18]} 38. Nc3 {[%emt 0:00:18]} Re8 {[%emt 0:00:50]} 39. Kf2 {[%emt 0:00:53]} f4 {[%emt 0:01:26]} 40. d5 {[%emt 0:00:50]} Nc5 {[%emt 0:00:40]} 41. Rd4 {[%emt 0:30:27]} Re3 {[%emt 0:30:41]} 42. Ne4 {[%emt 0:00:00]} g4 {[%emt 0:00:00]} 43. Ng5 {[%emt 0:00:00]} gxf3 {[%emt 0:00:00]} 44. gxf4 {[%emt 0:00:00]} Re8 {[%emt 0:00:00]} 1/2-1/2

[Event "WTCC-65 2018"]
[Site "Radebeul"]
[Date "2018.07.15"]
[Round "9"]
[White "Vaisser, Anatoly"]
[Black "Sveshnikov, Evgeny"]
[Result "1/2-1/2"]
[WhiteElo "2502"]
[BlackElo "2464"]
[Annotator "TA"]
[PlyCount "56"]
[EventDate "2018.07.07"]
[EventType "team-tourn"]
[EventCountry "GER"]
[SourceTitle "playchess.com"]
[Source "ChessBase"]
[SourceQuality "1"]

{[%evp 24,56,0,0,99,91,94,0,0,0,0,0,17,0,0,0,0,0,0,0,0,0,0,0,0,0,0,0,0,0,0,0,0,7,0]} 1. d4 d5 2. c4 e6 3. Nc3 c6 4. e4 dxe4 5. Nxe4 Bb4+ 6. Bd2 {[%cal Bc1d2,Bd2b4,Bb4d6][%mdl 32]} Qxd4 7. Bxb4 Qxe4+ 8. Be2 Na6 9. Bd6 Qxg2 {D31: Queen's Gambit Declined: Semi-Slav without ...Nf6 (+ Marshall Gambit and Noteboom) and Exchange Variation lines without ...Nf6} 10. Qd2 Nf6 11. Bf3 Qg6 12. Ne2 e5 13. O-O-O {[#] LiveBook: 18 Games. And now Rhg1 would win.} Ne4 $146 (13... Bg4 $11 {remains equal.} 14. Rhg1 O-O-O) ({Predecessor:} 13... Bg4 14. Rhg1 O-O-O 15. Qe3 h5 16. h3 Rxd6 17. Rxd6 {0-1 (31) Van Wely,L (2674)-Pavasovic,D (2567) Dresden 2007}) 14. Bxe4 $1 $16 Qxe4 {[#]} 15. Nc3 ({Don't play} 15. Qg5 Qxc4+ 16. Nc3 Qf4+ 17. Qxf4 exf4 $15) (15. Bxe5 $1 $16 {[%csl Gd1][%cal Rd2d8][%mdl 512]} O-O {[#]} (15... Qxe5 16. Qd8#) 16. Bxg7 $1 {[%mdl 512]} Kxg7 17. Rhg1+ Bg4 18. Nc3) 15... Qf4 {The position is equal.} 16. Qxf4 exf4 17. Rhg1 Be6 18. b3 g6 19. Ne4 O-O-O $1 20. Be5 Rxd1+ 21. Rxd1 Rf8 22. Nd6+ Kb8 23. Ne8+ Kc8 24. Nd6+ Kb8 25. Nxf7+ Ka8 26. Ng5 Bf5 27. Nxh7 Re8 28. Bxf4 b6 {Precision: White = 73%, Black = 72%.} 1/2-1/2

[Event "WTCC-65 2018"]
[Site "Radebeul"]
[Date "2018.07.15"]
[Round "9"]
[White "Rashkovsky, Nukhim N"]
[Black "Seret, Jean-Luc"]
[Result "1-0"]
[WhiteElo "2483"]
[BlackElo "2353"]
[Annotator "ChessBase"]
[PlyCount "79"]
[EventDate "2018.07.07"]
[EventType "team-tourn"]
[EventCountry "GER"]
[SourceTitle "playchess.com"]
[Source "ChessBase"]
[SourceQuality "1"]
[TimeControl "40/5400+30:1800+30"]

1. d4 {[%emt 0:00:00]} d6 {[%emt 0:00:00]} 2. Nf3 {[%emt 0:00:00]} g6 {[%emt 0:00:09]} 3. g3 {[%emt 0:00:00]} Bg7 {[%emt 0:00:25]} 4. Bg2 {[%emt 0:00:00]} Nd7 {[%emt 0:00:58]} 5. O-O {[%emt 0:00:09]} e5 {[%emt 0:00:27]} 6. e4 {[%emt 0:00:39]} Ngf6 {[%emt 0:01:06]} 7. Nc3 {[%emt 0:00:37]} O-O {[%emt 0:00:27]} 8. a4 {[%emt 0:02:24]} c6 {[%emt 0:04:22]} 9. a5 {[%emt 0:00:56]} Rb8 {[%emt 0:01:57]} 10. h3 {[%emt 0:10:53]} b5 {[%emt 0:02:21]} 11. axb6 {[%emt 0:00:08]} axb6 {[%emt 0:00:21]} 12. dxe5 {[%emt 0:07:51]} Nxe5 {[%emt 0:06:19]} 13. Nd4 {[%emt 0:04:19]} b5 {[%emt 0:05:45]} 14. Kh2 {[%emt 0:20:16]} b4 {[%emt 0:02:28]} 15. Na4 {[%emt 0:02:48]} c5 {[%emt 0:05:35]} 16. Nf3 {[%emt 0:01:37]} Nxf3+ {[%emt 0:00:50]} 17. Qxf3 {[%emt 0:03:21]} Bb7 {[%emt 0:01:39]} 18. Bg5 {[%emt 0:01:01]} h6 {[%emt 0:08:15]} 19. Bxf6 {[%emt 0:00:10]} Qxf6 {[%emt 0:00:21]} 20. Qxf6 {[%emt 0:01:13]} Bxf6 {[%emt 0:00:02]} 21. Rad1 {[%emt 0:00:10]} Ba6 {[%emt 0:05:39]} 22. Rfe1 {[%emt 0:05:53]} Bd4 {[%emt 0:02:25]} 23. Bf1 {[%emt 0:06:14]} Bxf1 {[%emt 0:20:55]} 24. Rxf1 {[%emt 0:00:08]} Ra8 {[%emt 0:01:20]} 25. b3 {[%emt 0:01:51]} f5 {[%emt 0:03:17]} 26. exf5 {[%emt 0:10:30]} Rxf5 {[%emt 0:00:33]} 27. f4 {[%emt 0:00:49]} Raf8 {[%emt 0:01:34]} 28. Rf3 {[%emt 0:05:27]} g5 {[%emt 0:02:20]} 29. Rdf1 {[%emt 0:00:44]} Re8 {[%emt 0:01:12]} 30. c3 {[%emt 0:03:51]} bxc3 {[%emt 0:04:44]} 31. Nxc3 {[%emt 0:00:02]} gxf4 {[%emt 0:00:24]} 32. gxf4 {[%emt 0:00:52]} Re3 {[%emt 0:03:02]} 33. Nb5 {[%emt 0:00:53]} Re2+ {[%emt 0:03:06]} 34. Kg3 {[%emt 0:00:09]} Bg7 {[%emt 0:02:13]} 35. Nxd6 {[%emt 0:04:04]} Rf6 {[%emt 0:00:23]} 36. Nc4 {[%emt 0:00:06]} Rg6+ {[%emt 0:00:46]} 37. Kh4 {[%emt 0:00:02]} Kh7 {[%emt 0:00:55]} 38. Ne3 {[%emt 0:00:57]} h5 {[%emt 0:01:45]} 39. Kxh5 {[%emt 0:01:29]} Bd4 {[%emt 0:02:53]} 40. Ng4 {[%emt 0:01:03]} 1-0

[Event "WTCC-65 2018"]
[Site "Radebeul"]
[Date "2018.07.15"]
[Round "9"]
[White "Hort, Vlastimil"]
[Black "Clara, Hans-Joachim"]
[Result "1-0"]
[WhiteElo "2421"]
[BlackElo "2289"]
[Annotator "TA"]
[PlyCount "95"]
[EventDate "2018.07.07"]
[EventType "team-tourn"]
[EventCountry "GER"]
[SourceTitle "playchess.com"]
[Source "ChessBase"]
[SourceQuality "1"]

{[%evp 18,95,0,0,2,0,10,7,16,15,18,0,0,0,25,16,19,15,35,0,-4,-6,0,0,104,97,96,97,99,102,108,97,105,76,76,83,105,99,116,117,130,70,54,52,54,52,56,58,83,83,120,120,120,120,120,120,120,120,120,85,85,85,85,64,64,64,81,64,64,64,29981,29982,29982,29983,29983,29984,29984,29985,29985,29986]} 1. d4 e6 2. Nf3 d5 3. Bf4 Nf6 4. e3 c5 5. c3 Nbd7 6. h3 {D02: 1 d4 d5 2 Nf3 sidelines, including 2...Nf6 3 g3 and 2...Nf6 3 Bf4} Be7 7. Nbd2 O-O (7... Qb6 8. Qb3 c4 9. Qc2 Bd6 10. Bxd6 Qxd6 11. e4 e5 12. exd5 b5 13. a4 exd4 14. Nxd4 {1-0 (51) Grachev,B (2652)-Grishchenko,S (2442) Minsk 2015}) 8. Bd3 b6 9. Ne5 Bb7 10. Qf3 {LiveBook: 4 Games} Qc8 11. a4 $146 ({Predecessor:} 11. g4 Nxe5 12. Bxe5 Qc6 13. g5 Ne4 14. Qh5 Bd6 15. Rg1 Bxe5 16. dxe5 g6 17. Qh6 Nxd2 18. Kxd2 {½-½ (66) Gralka,P (2221)-Rudnicki,M (2164) Szklarska Poreba 2017}) 11... a6 12. O-O c4 13. Be2 {[%cal Bd3e2,Be2d1,Bd1c2][%mdl 32]} Kh8 14. Rfc1 Nxe5 15. Bxe5 Bc6 16. Qg3 Qd7 17. Bd1 b5 {[%cal Rb5a4]} 18. axb5 (18. b3 {seems wilder.} Rg8 19. bxc4 bxc4 20. Rcb1 Ra7 21. a5) 18... axb5 19. Bc2 Rxa1 20. Rxa1 Ra8 (20... Kg8 $11) 21. Rxa8+ $16 Bxa8 22. Bxf6 $1 Bxf6 23. Qb8+ Qd8 24. Qxb5 g6 25. b3 cxb3 26. Nxb3 Kg7 27. Nc5 Qc7 28. Ba4 Be7 29. f4 ({White should play} 29. Qa6 $16 Qb8 30. Bb5) 29... g5 $14 30. g3 h5 31. Qd7 Qxd7 32. Bxd7 {[%mdl 4096] Endgame KBB-KBN} Bd6 33. Nd3 Kf6 34. Kf2 g4 35. h4 Ke7 36. Bb5 Bb7 37. Ke2 Bc8 38. Kd2 Bd7 39. Bxd7 Kxd7 $16 {KB-KN} 40. Kc2 f5 41. Kb3 Kc6 42. Ka4 (42. c4 {is interesting.} dxc4+ 43. Kxc4 Be7 44. Nc5 Kd6 45. Kd3) 42... Kb6 43. Ne5 {Threatens to win with Nf7.} Bxe5 $2 {[%mdl 8192] [#]} (43... Kc7 $14) 44. fxe5 {White mates.} Ka6 45. Kb4 Kb6 46. c4 dxc4 47. Kxc4 Kc6 {[#]} 48. d5+ $1 {[%mdl 512] Precision: White = 68%, Black = 36%.} 1-0